[Event "Baku Chess Olympiad | Open"]
[Site "chess24.com"]
[Date "2016.09.12"]
[Round "10"]
[White "Jose Queralto, Daniel"]
[Black "Giron, David"]
[Result "0-1"]
[Board "4"]
[WhiteID "6900089"]
[WhiteElo "2107"]
[WhiteTitle "CM"]
[WhiteCountry "AND"]
[WhiteFideId "6900089"]
[WhiteEloChange "-8"]
[BlackID "7300697"]
[BlackElo "2174"]
[BlackCountry "GUA"]
[BlackFideId "7300697"]
[BlackEloChange "8"]

1. e4 {[%clk 1:30:58]} c5 {[%clk 1:30:04]} 2. Nf3 {[%clk 1:31:23]} d6 {[%clk
1:30:29]} 3. d4 {[%clk 1:31:49]} cxd4 {[%clk 1:30:53]} 4. Nxd4 {[%clk 1:32:14]}
Nf6 {[%clk 1:31:15]} 5. f3 {[%clk 1:32:39]} e5 {[%clk 1:31:38]} 6. Nb3 {[%clk
1:33:03]} Be6 {[%clk 1:29:58]} 7. c4 {[%clk 1:33:25]} Nbd7 {[%clk 1:28:05]} 8.
Be3 {[%clk 1:31:39]} a6 {[%clk 1:26:33]} 9. Nc3 {[%clk 1:31:36]} Be7 {[%clk
1:24:57]} 10. Be2 {[%clk 1:31:10]} O-O {[%clk 1:22:50]} 11. O-O {[%clk 1:29:42]}
Rc8 {[%clk 1:18:16]} 12. Nd5 {[%clk 1:22:08]} Bxd5 {[%clk 1:18:31]} 13. cxd5
{[%clk 1:22:26]} Nh5 {[%clk 1:13:28]} 14. Qd2 {[%clk 1:18:21]} Nf4 {[%clk
1:06:55]} 15. Rfc1 {[%clk 1:15:21]} f5 {[%clk 1:06:55]} 16. Bf1 {[%clk 1:01:29]}
fxe4 {[%clk 0:46:29]} 17. g3 {[%clk 0:59:59]} Nh5 {[%clk 0:43:55]} 18. fxe4
{[%clk 0:49:32]} Nhf6 {[%clk 0:43:16]} 19. Qd3 {[%clk 0:48:25]} Rxc1 {[%clk
0:40:35]} 20. Rxc1 {[%clk 0:42:34]} Ng4 {[%clk 0:40:14]} 21. Rc2 {[%clk 0:41:55]}
Rf3 {[%clk 0:38:19]} 22. Re2 {[%clk 0:40:34]} Rxe3 {[%clk 0:37:04]} 23. Rxe3
{[%clk 0:40:47]} Qb6 {[%clk 0:37:08]} 24. Bh3 {[%clk 0:40:42]} Ndf6 {[%clk
0:37:09]} 0-1

[Event "Baku Chess Olympiad | Open"]
[Site "chess24.com"]
[Date "2016.09.12"]
[Round "10"]
[White "Mabrouk, Fathi"]
[Black "Elliott, Warren"]
[Result "0-1"]
[Board "1"]
[WhiteID "5500672"]
[WhiteElo "2145"]
[WhiteCountry "TUN"]
[WhiteFideId "5500672"]
[WhiteEloChange "-7"]
[BlackID "7400179"]
[BlackElo "2238"]
[BlackTitle "FM"]
[BlackCountry "JAM"]
[BlackFideId "7400179"]
[BlackEloChange "7"]

1. d4 {[%clk 1:30:45]} Nf6 {[%clk 1:30:45]} 2. c4 {[%clk 1:31:04]} c5 {[%clk
1:31:06]} 3. d5 {[%clk 1:30:41]} b5 {[%clk 1:31:23]} 4. cxb5 {[%clk 1:29:22]} a6
{[%clk 1:31:42]} 5. bxa6 {[%clk 1:29:10]} g6 {[%clk 1:31:52]} 6. Nc3 {[%clk
1:29:34]} Bxa6 {[%clk 1:32:12]} 7. g3 {[%clk 1:29:58]} d6 {[%clk 1:32:26]} 8. Bg2
{[%clk 1:30:23]} Nbd7 {[%clk 1:32:45]} 9. Nh3 {[%clk 1:30:42]} Bg7 {[%clk
1:32:35]} 10. O-O {[%clk 1:30:57]} O-O {[%clk 1:32:47]} 11. Qc2 {[%clk 1:30:42]}
Qa5 {[%clk 1:30:30]} 12. Bd2 {[%clk 1:30:49]} Rfb8 {[%clk 1:30:23]} 13. Rfe1
{[%clk 1:29:27]} c4 {[%clk 1:17:50]} 14. Rab1 {[%clk 1:20:49]} Nc5 {[%clk
1:04:22]} 15. b4 {[%clk 1:01:10]} cxb3 {[%clk 0:59:33]} 16. axb3 {[%clk 1:01:29]}
Qa3 {[%clk 0:56:37]} 17. b4 {[%clk 0:59:02]} Rxb4 {[%clk 0:55:19]} 18. Rxb4
{[%clk 0:59:19]} Qxb4 {[%clk 0:55:41]} 19. Ne4 {[%clk 0:58:25]} Qb3 {[%clk
0:51:16]} 20. Qxb3 {[%clk 0:53:05]} Nxb3 {[%clk 0:51:41]} 21. Nxf6+ {[%clk
0:51:53]} Bxf6 {[%clk 0:52:00]} 22. Bg5 {[%clk 0:49:48]} Bc3 {[%clk 0:33:40]} 23.
Rb1 {[%clk 0:49:17]} Bxe2 {[%clk 0:28:22]} 24. Nf4 {[%clk 0:41:29]} Bc4 {[%clk
0:24:46]} 25. Bxe7 {[%clk 0:41:39]} Be5 {[%clk 0:22:14]} 26. h4 {[%clk 0:33:35]}
Re8 {[%clk 0:11:33]} 27. Bg5 {[%clk 0:33:36]} h6 {[%clk 0:11:51]} 28. Bxh6 {[%clk
0:30:23]} Kh7 {[%clk 0:11:57]} 29. Bg5 {[%clk 0:26:38]} f6 {[%clk 0:12:23]} 30.
Ne6 {[%clk 0:26:51]} fxg5 {[%clk 0:12:31]} 31. Nxg5+ {[%clk 0:26:12]} Kg7 {[%clk
0:11:18]} 32. Ne6+ {[%clk 0:26:13]} Kf6 {[%clk 0:11:33]} 33. f4 {[%clk 0:24:41]}
Bc3 {[%clk 0:11:33]} 34. g4 {[%clk 0:24:41]} Ra8 {[%clk 0:11:33]} 35. Be4 {[%clk
0:22:59]} Ra2 {[%clk 0:05:55]} 36. g5+ {[%clk 0:22:55]} Kf7 {[%clk 0:06:18]} 37.
h5 {[%clk 0:19:23]} gxh5 {[%clk 0:06:10]} 38. f5 {[%clk 0:19:15]} h4 {[%clk
0:04:32]} 39. Bf3 {[%clk 0:19:18]} h3 {[%clk 0:04:22]} 40. Bh5+ {[%clk 0:48:17]}
Kg8 {[%clk 0:31:53]} 41. Bf3 {[%clk 0:44:58]} h2+ {[%clk 0:24:57]} 42. Kh1 {[%clk
0:45:14]} Be5 {[%clk 0:21:04]} 43. f6 {[%clk 0:43:15]} Rd2 {[%clk 0:10:26]} 44.
Nc7 {[%clk 0:42:36]} Rf2 {[%clk 0:05:51]} 45. Be4 {[%clk 0:40:17]} Kf7 {[%clk
0:05:49]} 46. Ne6 {[%clk 0:39:50]} Bxf6 {[%clk 0:01:43]} 47. gxf6 {[%clk
0:40:02]} Kxf6 {[%clk 0:02:09]} 48. Nc7 {[%clk 0:37:45]} Nd2 {[%clk 0:02:05]} 49.
Re1 {[%clk 0:37:49]} Nxe4 {[%clk 0:00:46]} 50. Rxe4 {[%clk 0:38:17]} Be2 {[%clk
0:00:59]} 51. Ne8+ {[%clk 0:38:42]} Kg5 {[%clk 0:01:04]} 52. Rxe2 {[%clk
0:34:47]} Rxe2 {[%clk 0:01:27]} 53. Nxd6 {[%clk 0:35:09]} Kf4 {[%clk 0:01:33]}
54. Nf7 {[%clk 0:33:10]} Kg3 {[%clk 0:01:49]} 0-1

[Event "Baku Chess Olympiad | Open"]
[Site "chess24.com"]
[Date "2016.09.12"]
[Round "10"]
[White "Davy, Damion"]
[Black "Meftahi, Houssem"]
[Result "1-0"]
[Board "2"]
[WhiteID "7400519"]
[WhiteElo "2117"]
[WhiteTitle "FM"]
[WhiteCountry "JAM"]
[WhiteFideId "7400519"]
[WhiteEloChange "10"]
[BlackID "5501660"]
[BlackElo "2119"]
[BlackTitle "IM"]
[BlackCountry "TUN"]
[BlackFideId "5501660"]
[BlackEloChange "-10"]

1. e4 {[%clk 1:30:51]} c5 {[%clk 1:30:47]} 2. Nf3 {[%clk 1:31:14]} Nc6 {[%clk
1:31:09]} 3. Bb5 {[%clk 1:31:19]} e6 {[%clk 1:31:33]} 4. Bxc6 {[%clk 1:31:43]}
bxc6 {[%clk 1:31:59]} 5. b3 {[%clk 1:32:04]} Ne7 {[%clk 1:32:01]} 6. Bb2 {[%clk
1:32:20]} Ng6 {[%clk 1:32:24]} 7. h4 {[%clk 1:32:18]} h5 {[%clk 1:31:54]} 8. e5
{[%clk 1:32:22]} Be7 {[%clk 1:31:41]} 9. g3 {[%clk 1:32:20]} f6 {[%clk 1:29:29]}
10. Qe2 {[%clk 1:31:31]} Rb8 {[%clk 1:21:05]} 11. d3 {[%clk 1:24:40]} c4 {[%clk
1:12:11]} 12. dxc4 {[%clk 1:22:40]} c5 {[%clk 1:12:27]} 13. Qd3 {[%clk 1:12:15]}
Kf7 {[%clk 1:09:57]} 14. Nbd2 {[%clk 1:08:14]} f5 {[%clk 1:01:29]} 15. O-O-O
{[%clk 1:08:10]} Bb7 {[%clk 1:01:18]} 16. Rhe1 {[%clk 1:07:32]} Bc6 {[%clk
0:58:06]} 17. Ng1 {[%clk 1:04:40]} Qa5 {[%clk 0:53:24]} 18. Kb1 {[%clk 1:02:59]}
Qc7 {[%clk 0:53:40]} 19. Nh3 {[%clk 1:00:04]} Qb7 {[%clk 0:50:31]} 20. Nf1 {[%clk
0:55:45]} Rhd8 {[%clk 0:48:08]} 21. Nd2 {[%clk 0:52:15]} a5 {[%clk 0:42:29]} 22.
Qe3 {[%clk 0:48:52]} a4 {[%clk 0:36:32]} 23. Ng5+ {[%clk 0:48:18]} Kg8 {[%clk
0:36:19]} 24. Qe2 {[%clk 0:46:06]} Bxg5 {[%clk 0:36:41]} 25. hxg5 {[%clk
0:46:32]} Kf7 {[%clk 0:37:01]} 26. Qxh5 {[%clk 0:46:28]} axb3 {[%clk 0:36:38]}
27. axb3 {[%clk 0:46:50]} Rh8 {[%clk 0:36:46]} 28. Qe2 {[%clk 0:47:15]} Rh3
{[%clk 0:35:48]} 29. Qe3 {[%clk 0:45:42]} Qa7 {[%clk 0:28:33]} 30. Nf1 {[%clk
0:38:44]} Nh4 {[%clk 0:24:21]} 31. Re2 {[%clk 0:32:36]} Nf3 {[%clk 0:20:45]} 32.
Qf4 {[%clk 0:29:54]} Ra8 {[%clk 0:15:14]} 33. Re3 {[%clk 0:28:24]} Nd4 {[%clk
0:12:44]} 34. Bxd4 {[%clk 0:28:16]} cxd4 {[%clk 0:12:50]} 35. Qxd4 {[%clk
0:28:41]} Qa2+ {[%clk 0:13:14]} 36. Kc1 {[%clk 0:29:05]} Rh1 {[%clk 0:13:33]} 37.
Ree1 {[%clk 0:24:42]} Bf3 {[%clk 0:11:54]} 38. Qxd7+ {[%clk 0:21:59]} Kg8 {[%clk
0:12:09]} 39. g6 {[%clk 0:07:55]} Bxd1 {[%clk 0:08:39]} 40. Kxd1 {[%clk 0:33:27]}
Rxf1 {[%clk 0:32:31]} 41. Rxf1 {[%clk 0:30:21]} Qb1+ {[%clk 0:31:47]} 42. Kd2
{[%clk 0:21:40]} Qxf1 {[%clk 0:31:58]} 43. Qxe6+ {[%clk 0:22:04]} Kh8 {[%clk
0:32:26]} 44. Qxf5 {[%clk 0:22:07]} Rd8+ {[%clk 0:31:31]} 45. Ke3 {[%clk
0:21:32]} Qe1+ {[%clk 0:27:12]} 46. Kf3 {[%clk 0:21:02]} Qh1+ {[%clk 0:27:32]}
47. Kg4 {[%clk 0:19:18]} Re8 {[%clk 0:14:53]} 48. c3 {[%clk 0:15:56]} Qd1+ {[%clk
0:06:26]} 49. f3 {[%clk 0:15:59]} Qxb3 {[%clk 0:03:45]} 50. Qh5+ {[%clk 0:16:03]}
Kg8 {[%clk 0:04:14]} 51. Qh7+ {[%clk 0:16:28]} Kf8 {[%clk 0:04:41]} 52. Qh8+
{[%clk 0:16:28]} Ke7 {[%clk 0:04:41]} 53. Qxg7+ {[%clk 0:17:15]} Kd8 {[%clk
0:05:27]} 54. Qf6+ {[%clk 0:16:31]} Re7 {[%clk 0:04:48]} 55. Qd6+ {[%clk
0:11:06]} Ke8 {[%clk 0:04:58]} 56. Qc6+ {[%clk 0:11:16]} Kf8 {[%clk 0:05:24]} 57.
f4 {[%clk 0:08:46]} Qb7 {[%clk 0:03:40]} 58. Qxb7 {[%clk 0:08:14]} Rxb7 {[%clk
0:04:04]} 59. f5 {[%clk 0:08:43]} Rc7 {[%clk 0:03:50]} 60. f6 {[%clk 0:08:44]}
Rxc4+ {[%clk 0:04:03]} 61. Kf5 {[%clk 0:05:37]} Rxc3 {[%clk 0:03:57]} 62. g7+
{[%clk 0:04:46]} Kg8 {[%clk 0:03:05]} 63. g4 {[%clk 0:05:10]} Kh7 {[%clk
0:03:18]} 64. g5 {[%clk 0:04:48]} Rf3+ {[%clk 0:02:33]} 65. Ke6 {[%clk 0:05:11]}
Kg8 {[%clk 0:02:52]} 66. Ke7 {[%clk 0:03:45]} Rf1 {[%clk 0:02:17]} 67. e6 {[%clk
0:02:17]} Rf5 {[%clk 0:01:48]} 68. Ke8 {[%clk 0:02:35]} Rf1 {[%clk 0:02:06]} 69.
f7+ {[%clk 0:01:47]} Kxg7 {[%clk 0:02:30]} 70. g6 {[%clk 0:02:17]} Kh8 {[%clk
0:00:34]} 71. e7 {[%clk 0:02:12]} Rxf7 {[%clk 0:00:58]} 72. gxf7 {[%clk 0:02:36]}
1-0

[Event "Baku Chess Olympiad | Open"]
[Site "chess24.com"]
[Date "2016.09.12"]
[Round "10"]
[White "Ben Ammar, Mohamed"]
[Black "Smith, Shreyas"]
[Result "1-0"]
[Board "3"]
[WhiteID "5502012"]
[WhiteElo "1929"]
[WhiteCountry "TUN"]
[WhiteFideId "5502012"]
[WhiteEloChange "16"]
[BlackID "7400713"]
[BlackElo "2146"]
[BlackCountry "JAM"]
[BlackFideId "7400713"]
[BlackEloChange "-16"]

1. Nf3 {[%clk 1:30:55]} c5 {[%clk 1:30:52]} 2. e3 {[%clk 1:31:17]} Nf6 {[%clk
1:31:10]} 3. d4 {[%clk 1:31:42]} g6 {[%clk 1:31:05]} 4. Be2 {[%clk 1:30:21]} Bg7
{[%clk 1:31:12]} 5. O-O {[%clk 1:30:05]} O-O {[%clk 1:31:28]} 6. b3 {[%clk
1:29:24]} Nc6 {[%clk 1:26:19]} 7. Bb2 {[%clk 1:29:36]} cxd4 {[%clk 1:26:40]} 8.
exd4 {[%clk 1:29:21]} d5 {[%clk 1:27:03]} 9. Nbd2 {[%clk 1:20:59]} Bf5 {[%clk
1:21:17]} 10. Nh4 {[%clk 1:15:26]} Be6 {[%clk 1:21:32]} 11. Nhf3 {[%clk 1:06:54]}
h6 {[%clk 1:16:25]} 12. Ne5 {[%clk 1:04:09]} Qb6 {[%clk 1:12:18]} 13. Nxc6 {[%clk
1:02:04]} bxc6 {[%clk 1:12:27]} 14. Bd3 {[%clk 0:44:17]} a5 {[%clk 1:11:33]} 15.
a3 {[%clk 0:38:32]} Nd7 {[%clk 1:10:57]} 16. Nf3 {[%clk 0:31:56]} Bg4 {[%clk
0:56:09]} 17. Be2 {[%clk 0:31:43]} Qc7 {[%clk 0:56:17]} 18. Ne5 {[%clk 0:30:00]}
Nxe5 {[%clk 0:52:31]} 19. dxe5 {[%clk 0:30:16]} Bxe2 {[%clk 0:51:18]} 20. Qxe2
{[%clk 0:30:45]} e6 {[%clk 0:51:37]} 21. f4 {[%clk 0:21:15]} c5 {[%clk 0:49:37]}
22. a4 {[%clk 0:17:25]} Rfc8 {[%clk 0:46:48]} 23. c4 {[%clk 0:15:43]} Rab8 {[%clk
0:39:03]} 24. Rf3 {[%clk 0:15:31]} Qc6 {[%clk 0:35:15]} 25. Ba3 {[%clk 0:14:58]}
d4 {[%clk 0:22:56]} 26. Rd1 {[%clk 0:14:48]} Re8 {[%clk 0:18:58]} 27. Qe1 {[%clk
0:13:22]} Qc7 {[%clk 0:16:22]} 28. Qe4 {[%clk 0:13:36]} Rb6 {[%clk 0:16:12]} 29.
Rdd3 {[%clk 0:13:11]} Reb8 {[%clk 0:15:32]} 30. Qe1 {[%clk 0:13:02]} R8b7 {[%clk
0:12:48]} 31. Qxa5 {[%clk 0:06:47]} Rxb3 {[%clk 0:13:10]} 32. Qxc5 {[%clk
0:06:11]} Rb1+ {[%clk 0:07:13]} 33. Kf2 {[%clk 0:04:07]} Qd7 {[%clk 0:04:57]} 34.
Qxd4 {[%clk 0:01:03]} Qxa4 {[%clk 0:05:13]} 35. Qc3 {[%clk 0:00:53]} R1b3 {[%clk
0:03:03]} 36. Qxb3 {[%clk 0:00:44]} Rxb3 {[%clk 0:03:27]} 37. Rxb3 {[%clk
0:01:13]} Qxc4 {[%clk 0:03:51]} 38. Bd6 {[%clk 0:00:37]} g5 {[%clk 0:03:02]} 39.
fxg5 {[%clk 0:00:39]} hxg5 {[%clk 0:03:23]} 40. Rb8+ {[%clk 0:30:41]} Kh7 {[%clk
0:33:41]} 41. Rxf7 {[%clk 0:15:27]} Qc2+ {[%clk 0:27:26]} 42. Kg1 {[%clk
0:14:11]} Qc1+ {[%clk 0:27:35]} 43. Rf1 {[%clk 0:14:37]} Qe3+ {[%clk 0:27:50]}
44. Kh1 {[%clk 0:15:05]} Bxe5 {[%clk 0:27:02]} 45. Bxe5 {[%clk 0:14:55]} Qxe5
{[%clk 0:27:22]} 46. Rbb1 {[%clk 0:14:42]} Kg6 {[%clk 0:25:16]} 47. Rbe1 {[%clk
0:14:55]} Qd5 {[%clk 0:23:50]} 48. Rf2 {[%clk 0:15:04]} Kh5 {[%clk 0:19:37]} 49.
Rfe2 {[%clk 0:15:06]} Qa5 {[%clk 0:19:44]} 50. Rxe6 {[%clk 0:15:30]} Qd2 {[%clk
0:19:38]} 51. h3 {[%clk 0:10:08]} Kh4 {[%clk 0:13:26]} 52. R1e4+ {[%clk 0:08:42]}
Kh5 {[%clk 0:13:09]} 53. Kh2 {[%clk 0:07:20]} Qc2 {[%clk 0:11:43]} 54. R4e5
{[%clk 0:07:02]} Qb2 {[%clk 0:11:22]} 55. Rf5 {[%clk 0:06:28]} Qc2 {[%clk
0:10:04]} 56. Rff6 {[%clk 0:03:11]} Qc7+ {[%clk 0:08:32]} 57. Rd6 {[%clk
0:03:39]} g4 {[%clk 0:05:59]} 58. Rf5+ {[%clk 0:03:59]} 1-0

[Event "Baku Chess Olympiad | Open"]
[Site "chess24.com"]
[Date "2016.09.12"]
[Round "10"]
[White "Wilson, Brandon"]
[Black "Ben Youssef, Anis"]
[Result "*"]
[Board "4"]
[WhiteID "7400500"]
[WhiteElo "2074"]
[WhiteTitle "CM"]
[WhiteCountry "JAM"]
[WhiteFideId "7400500"]
[BlackID "5507847"]
[BlackElo "1893"]
[BlackCountry "TUN"]
[BlackFideId "5507847"]

1. e4 {[%clk 1:30:54]} e5 {[%clk 1:30:40]} 2. Nf3 {[%clk 1:31:11]} Nc6 {[%clk
1:30:14]} 3. Bb5 {[%clk 1:31:31]} d6 {[%clk 1:30:19]} 4. d4 {[%clk 1:31:25]} exd4
{[%clk 1:30:00]} 5. Nxd4 {[%clk 1:31:05]} Bd7 {[%clk 1:30:05]} 6. Bxc6 {[%clk
1:30:33]} bxc6 {[%clk 1:30:17]} 7. Nc3 {[%clk 1:30:21]} Be7 {[%clk 1:29:00]} 8.
O-O {[%clk 1:29:14]} Nf6 {[%clk 1:27:53]} 9. Re1 {[%clk 1:29:02]} O-O {[%clk
1:27:54]} 10. Qd3 {[%clk 1:27:01]} Re8 {[%clk 1:20:51]} 11. Nf3 {[%clk 1:21:09]}
Ng4 {[%clk 1:13:20]} 12. h3 {[%clk 1:19:28]} Nf6 {[%clk 1:13:38]} 13. b3 {[%clk
1:18:35]} Qc8 {[%clk 1:12:47]} 14. Bb2 {[%clk 1:17:24]} Nh5 {[%clk 1:11:14]} 15.
Ne2 {[%clk 1:12:58]} c5 {[%clk 0:56:38]} 16. g4 {[%clk 1:06:31]} Nf6 {[%clk
0:56:00]} 17. e5 {[%clk 1:04:36]} dxe5 {[%clk 0:52:11]} 18. Nxe5 {[%clk 1:04:19]}
Be6 {[%clk 0:52:11]} 19. Nf4 {[%clk 1:01:59]} Bd6 {[%clk 0:51:00]} 20. Nxe6
{[%clk 1:00:49]} Rxe6 {[%clk 0:45:14]} 21. Nf3 {[%clk 0:57:49]} Ne8 {[%clk
0:41:57]} 22. Rxe6 {[%clk 0:54:59]} Qxe6 {[%clk 0:42:05]} 23. Re1 {[%clk
0:54:53]} Qh6 {[%clk 0:41:33]} 24. Kg2 {[%clk 0:52:27]} Bf8 {[%clk 0:33:26]} 25.
Qd7 {[%clk 0:45:23]} Qd6 {[%clk 0:30:52]} 26. Ne5 {[%clk 0:42:45]} Qxd7 {[%clk
0:29:34]} 27. Nxd7 {[%clk 0:43:04]} Rd8 {[%clk 0:21:10]} 28. Nxf8 {[%clk
0:42:25]} Kxf8 {[%clk 0:21:31]} 29. Ba3 {[%clk 0:42:34]} Rd2 {[%clk 0:18:13]} 30.
Bxc5+ {[%clk 0:42:05]} Nd6 {[%clk 0:18:30]} 31. Bxa7 {[%clk 0:41:00]} Rxc2 {[%clk
0:18:31]} 32. a4 {[%clk 0:40:03]} f6 {[%clk 0:16:41]} 33. Be3 {[%clk 0:36:09]}
Rb2 {[%clk 0:16:06]} 34. Rc1 {[%clk 0:36:00]} Rxb3 {[%clk 0:16:06]} 35. Rxc7
{[%clk 0:36:14]} Nb7 {[%clk 0:07:02]} 36. Rc6 {[%clk 0:30:49]} Kf7 {[%clk
0:06:08]} 37. Rb6 {[%clk 0:30:26]} Na5 {[%clk 0:06:03]} 38. Rxb3 {[%clk 0:28:53]}
Nxb3 {[%clk 0:06:24]} 39. Kf3 {[%clk 0:28:52]} Ke6 {[%clk 0:06:37]} 40. Ke4
{[%clk 0:59:00]} g6 {[%clk 0:36:32]} 41. Kd3 {[%clk 0:54:29]} Kd5 {[%clk
0:35:03]} 42. Kc3 {[%clk 0:54:16]} Na5 {[%clk 0:34:44]} 43. Bd4 {[%clk 0:50:26]}
f5 {[%clk 0:34:36]} 44. gxf5 {[%clk 0:49:26]} gxf5 {[%clk 0:34:47]} 45. Kd3
{[%clk 0:49:16]} Nb3 {[%clk 0:34:25]} 46. Bb6 {[%clk 0:48:58]} Nc1+ {[%clk
0:29:37]} 47. Kd2 {[%clk 0:46:27]} Na2 {[%clk 0:29:27]} 48. Ba5 {[%clk 0:44:44]}
*

[Event "Baku Chess Olympiad | Open"]
[Site "chess24.com"]
[Date "2016.09.12"]
[Round "10"]
[White "Li, Hui"]
[Black "Lee, Jun Hyeok"]
[Result "0-1"]
[Board "1"]
[WhiteID "15400310"]
[WhiteElo "1964"]
[WhiteTitle "CM"]
[WhiteCountry "MAC"]
[WhiteFideId "15400310"]
[WhiteEloChange "-3"]
[BlackID "13202340"]
[BlackElo "2238"]
[BlackTitle "FM"]
[BlackCountry "KOR"]
[BlackFideId "13202340"]
[BlackEloChange "3"]

1. e4 {[%clk 1:29:54]} c5 {[%clk 1:30:50]} 2. Nf3 {[%clk 1:30:15]} e6 {[%clk
1:30:49]} 3. d4 {[%clk 1:30:14]} cxd4 {[%clk 1:31:13]} 4. Nxd4 {[%clk 1:30:43]}
a6 {[%clk 1:31:28]} 5. Bd3 {[%clk 1:30:10]} Nf6 {[%clk 1:31:46]} 6. O-O {[%clk
1:30:28]} Qc7 {[%clk 1:32:08]} 7. c4 {[%clk 1:30:15]} Nc6 {[%clk 1:31:45]} 8.
Nxc6 {[%clk 1:30:16]} dxc6 {[%clk 1:32:06]} 9. Be3 {[%clk 1:30:17]} e5 {[%clk
1:31:57]} 10. h3 {[%clk 1:30:28]} Be6 {[%clk 1:31:08]} 11. Qe2 {[%clk 1:12:11]}
Nd7 {[%clk 1:30:03]} 12. Nc3 {[%clk 0:59:53]} a5 {[%clk 1:17:44]} 13. Rac1 {[%clk
0:54:14]} b6 {[%clk 1:08:30]} 14. Rfd1 {[%clk 0:29:46]} Nc5 {[%clk 1:00:01]} 15.
Bc2 {[%clk 0:26:55]} Be7 {[%clk 1:00:27]} 16. a3 {[%clk 0:22:11]} Na6 {[%clk
0:57:03]} 17. Bd3 {[%clk 0:14:58]} Qb7 {[%clk 0:53:02]} 18. c5 {[%clk 0:09:39]}
Nxc5 {[%clk 0:50:06]} 19. Bxc5 {[%clk 0:09:49]} Bxc5 {[%clk 0:50:03]} 20. Na4
{[%clk 0:07:34]} Bd4 {[%clk 0:50:17]} 21. Nc3 {[%clk 0:05:09]} O-O {[%clk
0:48:59]} 22. Bc4 {[%clk 0:05:33]} b5 {[%clk 0:48:55]} 23. Bd3 {[%clk 0:04:42]}
Rfd8 {[%clk 0:48:19]} 24. Nb1 {[%clk 0:04:43]} a4 {[%clk 0:45:57]} 25. Rd2 {[%clk
0:03:13]} Rd6 {[%clk 0:45:55]} 26. Rdd1 {[%clk 0:01:53]} Rad8 {[%clk 0:46:05]}
27. Nc3 {[%clk 0:02:11]} Qb6 {[%clk 0:45:48]} 28. Bb1 {[%clk 0:02:16]} Bc4 {[%clk
0:45:30]} 29. Qe1 {[%clk 0:00:45]} Bb3 {[%clk 0:44:02]} 30. Rd3 {[%clk 0:00:33]}
g6 {[%clk 0:42:15]} 31. Rf3 {[%clk 0:00:35]} c5 {[%clk 0:34:09]} 32. Kh2 {[%clk
0:00:48]} b4 {[%clk 0:33:50]} 33. axb4 {[%clk 0:00:35]} cxb4 {[%clk 0:34:12]} 34.
Nd5 {[%clk 0:00:47]} Bxd5 {[%clk 0:34:09]} 35. exd5 {[%clk 0:01:16]} Bxb2 {[%clk
0:33:38]} 36. Rc6 {[%clk 0:00:37]} Rxc6 {[%clk 0:30:01]} 37. dxc6 {[%clk
0:01:06]} Bd4 {[%clk 0:30:05]} 38. Qc1 {[%clk 0:00:39]} Qc7 {[%clk 0:28:22]} 39.
Be4 {[%clk 0:00:34]} f5 {[%clk 0:27:44]} 40. Rxf5 {[%clk 0:30:38]} gxf5 {[%clk
0:53:55]} 41. Qg5+ {[%clk 0:22:44]} Kf7 {[%clk 0:53:17]} 42. Qh6 {[%clk 0:12:45]}
Ke7 {[%clk 0:50:00]} 43. Bxf5 {[%clk 0:12:27]} e4+ {[%clk 0:50:10]} 44. g3 {[%clk
0:12:42]} Bf6 {[%clk 0:48:28]} 45. Bxe4 {[%clk 0:09:37]} Rf8 {[%clk 0:36:48]} 46.
Qxh7+ {[%clk 0:08:02]} Rf7 {[%clk 0:36:46]} 47. Qf5 {[%clk 0:02:26]} Qe5 {[%clk
0:35:37]} 48. Qd7+ {[%clk 0:02:03]} Kf8 {[%clk 0:36:06]} 49. Qc8+ {[%clk
0:02:18]} Kg7 {[%clk 0:36:14]} 50. Qg4+ {[%clk 0:01:20]} Qg5 {[%clk 0:36:06]} 51.
Qd1 {[%clk 0:01:30]} Be5 {[%clk 0:35:30]} 52. Kg2 {[%clk 0:01:01]} a3 {[%clk
0:32:21]} 53. h4 {[%clk 0:01:26]} Qh6 {[%clk 0:32:19]} 54. Qg4+ {[%clk 0:01:27]}
Kh8 {[%clk 0:32:36]} 55. Bd5 {[%clk 0:01:30]} Rf8 {[%clk 0:28:01]} 56. Qxb4
{[%clk 0:01:05]} Qf6 {[%clk 0:27:52]} 57. Qd2 {[%clk 0:00:39]} Bd6 {[%clk
0:27:23]} 58. Be4 {[%clk 0:00:42]} Qxf2+ {[%clk 0:27:07]} 59. Qxf2 {[%clk
0:01:10]} Rxf2+ {[%clk 0:27:32]} 60. Kxf2 {[%clk 0:01:12]} a2 {[%clk 0:28:01]}
0-1

[Event "Baku Chess Olympiad | Open"]
[Site "chess24.com"]
[Date "2016.09.12"]
[Round "10"]
[White "Kim, Inguh"]
[Black "Ip, Seng Tou"]
[Result "1-0"]
[Board "2"]
[WhiteID "13201204"]
[WhiteElo "1918"]
[WhiteTitle "CM"]
[WhiteCountry "KOR"]
[WhiteFideId "13201204"]
[WhiteEloChange "4"]
[BlackID "15400352"]
[BlackElo "1675"]
[BlackCountry "MAC"]
[BlackFideId "15400352"]
[BlackEloChange "-4"]

1. e4 {[%clk 1:30:57]} e5 {[%clk 1:30:56]} 2. Nf3 {[%clk 1:31:24]} Nc6 {[%clk
1:31:20]} 3. d4 {[%clk 1:31:48]} exd4 {[%clk 1:31:38]} 4. Bc4 {[%clk 1:32:13]}
Bc5 {[%clk 1:31:33]} 5. Ng5 {[%clk 1:32:27]} Ne5 {[%clk 1:17:16]} 6. Nxf7 {[%clk
1:32:27]} Bb4+ {[%clk 1:09:26]} 7. c3 {[%clk 1:29:51]} dxc3 {[%clk 1:02:18]} 8.
bxc3 {[%clk 1:20:31]} Bxc3+ {[%clk 1:02:43]} 9. Nxc3 {[%clk 1:20:57]} Nxf7 {[%clk
1:03:07]} 10. Bxf7+ {[%clk 1:19:56]} Kxf7 {[%clk 1:03:32]} 11. Qd5+ {[%clk
1:17:16]} Kf8 {[%clk 1:00:43]} 12. Ba3+ {[%clk 1:13:57]} d6 {[%clk 1:00:45]} 13.
e5 {[%clk 1:13:09]} Qe8 {[%clk 0:48:48]} 14. O-O {[%clk 1:11:55]} Ne7 {[%clk
0:44:18]} 15. exd6 {[%clk 1:00:51]} cxd6 {[%clk 0:35:36]} 16. Bxd6 {[%clk
1:00:03]} Bh3 {[%clk 0:21:31]} 17. Rfe1 {[%clk 0:48:26]} Qg6 {[%clk 0:16:34]} 18.
Bxe7+ {[%clk 0:48:26]} Ke8 {[%clk 0:16:05]} 19. Ba3+ {[%clk 0:48:26]} 1-0